000 00505nam a22001455i 4500
999 _c4984
_d4984
008 220411s2020 miua d 000 0 eng
010 _a 2021278765
020 _a9780310770695
020 _a0310770696
082 0 4 _a745.5
_223
100 _azondervan
245 0 0 _aMy design in progress :
_ba journal to unleash your imagination /
_c[cover design: Cindy Davis ; interior design: Denise Froehlich ; contributor: Estee Zandee]
300 _a1 volume (unpaged) :
_bcolor illustrations ;
_c24 cm
942 _2ddc